000
00239nam a2200085Ia 4500
008
120527s9999 xx 000 0 und d
100
_a
Human Development Rept
245
_a
HIV & AIDS:a challenge to sustainable human development.
942
_c
BK
999
_c
23611
_d
23611